| 000 | 00815nam a2200265Ia 4500 | ||
|---|---|---|---|
| 008 | 180523s9999 xx 000 0 und d | ||
| 020 | _a0-07-123304-0 | ||
| 050 | _aMAIN HG 181 | ||
| 050 | _b.S28 2003 | ||
| 100 | _aSaunders, Anthony. | ||
| 245 | 0 | _aFinancial institutions management : | |
| 245 | 2 | _ba risk management approach / | |
| 245 | 0 | _cAnthony Sauders. | |
| 250 | _a4th Edition | ||
| 260 | _aNew York : | ||
| 260 | _bMcGraw-Hill, | ||
| 260 | _c2003 | ||
| 300 | _a778 pages : | ||
| 300 | _bcolored illustrations ; | ||
| 300 | _c25 cm. | ||
| 500 | _aIncludes bibliographical references and index. | ||
| 650 | _aFinancial institutions -- United States -- Management. | ||
| 650 | _aFinancial service industry -- United States -- Management. | ||
| 650 | _xRish management -- United States. | ||
| 999 |
_c357247 _d357247 |
||